<?xml version="1.0" encoding="UTF-8"?>
<collection xmlns="http://www.loc.gov/MARC21/slim">
 <record>
  <leader>00928nam a22002175a 4500</leader>
  <controlfield tag="001">EEA.libagro006404</controlfield>
  <controlfield tag="005">20180622130023.0</controlfield>
  <controlfield tag="008">130809s1999####ag#a##########000#0#spa#d</controlfield>
  <datafield tag="082" ind1="0" ind2="4">
   <subfield code="a">633.85</subfield>
  </datafield>
  <datafield tag="082" ind1="0" ind2="4">
   <subfield code="a">631.8</subfield>
  </datafield>
  <datafield tag="100" ind1="1" ind2=" ">
   <subfield code="a">Bono, Alfredo.</subfield>
  </datafield>
  <datafield tag="245" ind1="1" ind2="0">
   <subfield code="a">Fertilización en girasol :</subfield>
   <subfield code="b">resultados obtenidos en tres años de estudio /</subfield>
   <subfield code="c">Alfredo Bono, Jorgelina C. Montoya, Francisco J. Babinec.</subfield>
  </datafield>
  <datafield tag="260" ind1=" " ind2=" ">
   <subfield code="a">Anguil :</subfield>
   <subfield code="b">INTA EEA Anguil,</subfield>
   <subfield code="c">1999.</subfield>
  </datafield>
  <datafield tag="300" ind1=" " ind2=" ">
   <subfield code="a">21, [3] p. :</subfield>
   <subfield code="b">il. ;</subfield>
   <subfield code="c">29 cm.</subfield>
  </datafield>
  <datafield tag="490" ind1="1" ind2=" ">
   <subfield code="a">Publicación técnica,</subfield>
   <subfield code="x">0325-2132 ;</subfield>
   <subfield code="v">nº 48</subfield>
  </datafield>
  <datafield tag="530" ind1=" " ind2=" ">
   <subfield code="a">Disponible también en línea.</subfield>
  </datafield>
  <datafield tag="700" ind1="1" ind2=" ">
   <subfield code="a">Montoya, Jorgelina C.</subfield>
  </datafield>
  <datafield tag="700" ind1="1" ind2=" ">
   <subfield code="a">Babinec, Francisco José.</subfield>
  </datafield>
  <datafield tag="710" ind1="2" ind2=" ">
   <subfield code="a">Instituto Nacional de Tecnología Agropecuaria (Argentina).</subfield>
   <subfield code="b">Estación Experimental Agropecuaria Anguil.</subfield>
  </datafield>
  <datafield tag="856" ind1=" " ind2=" ">
   <subfield code="u">http://inta.gob.ar/sites/default/files/script-tmp-publi48.pdf</subfield>
   <subfield code="3">Texto completo</subfield>
  </datafield>
  <datafield tag="859" ind1=" " ind2=" ">
   <subfield code="a">AR-BbBCA</subfield>
   <subfield code="b">BIB. AGRONOMIA</subfield>
   <subfield code="h">633.85</subfield>
   <subfield code="i">B697</subfield>
   <subfield code="p">1999/3765</subfield>
  </datafield>
 </record>
</collection>
